00984nam a2200277 a 450000100060000000300080000600500170001400800410003102000140007203500190008604000270010504100080013208200260014010000270016624500740019326000550026730000350032250000200035765000330037765000490041070000280045970000320048794200120051999900170053195201580054855721BD-RjUL20211209080315.0161121s1967 njua 001 0 eng  a070423806 a(BD-RjUL)55845 aDLCcDLCdBD-RjULbeng aeng00223a621.381bMIE 19671 aMillman, Jacob911716110aElectronic devices and circuits /cJacob Millman, Christos C. Halkias aUpper Saddle River, N.J. :bPrentice Hall,cc1967. axxv, 752 p. :bill. ;c30. cm. aIncludes index. 0aElectronic circuits.9165953 0aElectronic apparatus and appliances.91659541 aMillman, Jacob 91171611 aHalkias, Christos C9117164 2ddccBK c55721d55721 00102ddc40708NFICaRUCLbRUCLcStackd1973-07-14eMitali prokasonig321.00l2o621.381 MIE 1967r2022-12-28 00:00:00s2022-12-20tC-2w2016-11-21yBK